书目信息 |
| 题名: |
常州工业发展的道路
|
|
| 作者: | 乌家培 编著 | |
| 分册: | ||
| 出版信息: | 北京 人民出版社 1979 |
|
| 页数: | 171页 | |
| 开本: | 19cm | |
| 丛书名: | ||
| 单 册: | ||
| 中图分类: | F424 | |
| 科图分类: | ||
| 主题词: | 地方工业-工业经济--常州 , 工业经济-地方工业--常州 , 工业经济--中国 | |
| 电子资源: | ||
| ISBN: | ||
| 000 | 00679nam0 2200241 45 | |
| 001 | 0179007877 | |
| 005 | 20051130093556.00 | |
| 010 | @dCNY0.35 | |
| 091 | @a4001.351 | |
| 100 | @a19950716d1979 em y0chiy0121 ea | |
| 101 | 0 | @achi |
| 102 | @aCN@b110000 | |
| 105 | @ay z 000yy | |
| 200 | 10 | @a常州工业发展的道路@Achang zhou gong ye fa zhan de dao lu@f乌家培等编著@Fwu jia pei deng bian zhu |
| 210 | @a北京@c人民出版社@d1979 | |
| 215 | @a171页@d19cm | |
| 606 | @a地方工业-工业经济@y常州 | |
| 606 | @a工业经济-地方工业@y常州 | |
| 606 | 0 | @a工业经济@x中国 |
| 690 | @aF424 | |
| 701 | 0 | @a乌家培@Awu jia pei@4编著 |
| 801 | 0 | @aCN@bNLC@c20051130 |
| 905 | @f1@b34891@dF424@e4 | |
| 常州工业发展的道路/乌家培等编著.-北京:人民出版社,1979 |
| 171页;19cm |
| ISBN :CNY0.35 |
| ● |
| 相关链接 |
|
|
|
|
正题名:常州工业发展的道路
索取号:F424/4
 
预约/预借
| 序号 | 登录号 | 条形码 | 馆藏地/架位号 | 状态 | 备注 |
| 1 | 0034890 | 202157959 | 密集书库/ [索取号:F424/4] | 在馆 | |
| 2 | 0034891 | 000209321 | 第一样本阅览室/ [索取号:F424/4] | 在馆 |